00678nam a22002297a 450000500170000001000360001702000260005303500130007903500130009203500130010503700130011803700180013103700260014908200060017510000100018124500700019126000280026127000890028930000280037849000200040650000220042620190409115130.0 aB-694061 B-709297 B-721068 a9789381626344c325.00 aB-694061 aB-709297 aB-721068 bRK Books bL/RP/RK Books bAksharesh Enterprises aN aAmish aThe secret of the Nagas:cby Amishbbook 2 of the shiva trilogy / aChennaibWestlandc2017 a61, II Floor, Silverline Building, Alapakkam Main Road, MaduravoyalbChennaie600095 axxiii, 371p.c20cm(pbk) aShiva trilogy 2 aIncludes glossary